[Event "XI Weekend A"]
[Site "Porto Sant'Elpidio ITA"]
[Date "2008.11.30"]
[Round "5"]
[White "Giobbi, Costantino"]
[Black "Spano' Cuomo, Gaetano"]
[Result "1-0"]
[WhiteElo "1982"]
[BlackElo "1852"]
[PlyCount "87"]
[EventDate "2008.11.22"]

1. e4 e5 2. Nf3 Nc6 3. Bb5 a6 4. Ba4 Nf6 5. O-O Be7 6. Re1 b5 7. Bb3 d6 8. c3
O-O 9. h3 Na5 10. Bc2 c5 11. d4 Qc7 12. Nbd2 Re8 13. d5 g6 14. Nf1 Nc4 15. b3
Nb6 16. Ne3 Nh5 17. Ng4 Qd8 18. Kh2 Ng7 19. Nh6+ Kf8 20. g4 Bd7 21. Be3 c4 22.
Qd2 Qb8 23. Ng5 Bxg5 24. Bxg5 Bc8 25. f4 Nd7 26. f5 gxf5 27. gxf5 f6 28. Rg1
Qa7 29. Bh4 Re7 30. Rg2 cxb3 31. axb3 b4 32. Rag1 bxc3 33. Qxc3 Bb7 34. Bd1 Rc8
35. Qf3 Qd4 36. Bf2 Qb4 37. Qh5 Qxe4 38. Bf3 Qf4+ 39. Kh1 e4 40. Be2 Bxd5 41.
Bg3 Nxh5 42. Bxf4 Nxf4 43. Rg8+ Bxg8 44. Rxg8# 1-0

[Event "XI Weekend A"]
[Site "Porto Sant'Elpidio ITA"]
[Date "2008.11.30"]
[Round "5"]
[White "Giri, Giovanni"]
[Black "Fratini, Mauro"]
[Result "1-0"]
[WhiteElo "1836"]
[BlackElo "1940"]
[PlyCount "87"]
[EventDate "2008.11.22"]

1. e4 Nf6 2. e5 Nd5 3. d4 d6 4. Nf3 dxe5 5. Nxe5 Bf5 6. c4 Nf6 7. Nc3 e6 8. Be3
Nbd7 9. Nxd7 Qxd7 10. Bd3 Bxd3 11. Qxd3 c6 12. O-O Bd6 13. Ne4 Nxe4 14. Qxe4
O-O 15. Rad1 f5 16. Qf3 f4 17. Bc1 Rf5 18. Rfe1 Qf7 19. Re4 g5 20. c5 Bc7 21.
Qb3 Re8 22. Rde1 Rf6 23. Qxb7 f3 24. Qxc6 fxg2 25. R4e2 Bxh2+ 26. Kxh2 Qh5+ 27.
Kxg2 Rh6 28. Qf3 g4 29. Qg3 Qd5+ 30. Re4 Rg6 31. Kg1 h5 32. Qe5 Qxe5 33. Rxe5
h4 34. Rg5 Kf7 35. Rxg6 Kxg6 36. d5 e5 37. d6 Kf6 38. b4 Ke6 39. Bg5 Rb8 40. a3
a5 41. Bxh4 axb4 42. axb4 Rxb4 43. Bg3 e4 44. c6 1-0

[Event "XI Weekend A"]
[Site "Porto Sant'Elpidio ITA"]
[Date "2008.11.30"]
[Round "5"]
[White "Luciani, Valerio"]
[Black "Rinaudo, Sergio"]
[Result "1-0"]
[WhiteElo "2212"]
[BlackElo "2130"]
[PlyCount "93"]
[EventDate "2008.11.22"]

1. d4 d5 2. c4 dxc4 3. e4 e5 4. Nf3 exd4 5. Bxc4 Bb4+ 6. Bd2 Bxd2+ 7. Nbxd2 Nc6
8. O-O Nge7 9. Nb3 O-O 10. Nfxd4 Nxd4 11. Qxd4 Qxd4 12. Nxd4 c5 13. Nb5 a6 14.
Nc3 b5 15. Bd5 Rb8 16. Rfd1 Bb7 17. Bxb7 Rxb7 18. Rd6 Ra7 19. f4 Rc8 20. Rad1
g6 21. Kf2 Rcc7 22. g4 b4 23. Na4 Kg7 24. Rc1 Rd7 25. Rxd7 Rxd7 26. Ke3 c4 27.
Rxc4 Rd1 28. Rxb4 Rh1 29. g5 Rxh2 30. Rb6 a5 31. Ra6 Rh3+ 32. Kf2 Rh2+ 33. Kg3
Re2 34. Kf3 Re1 35. Nc3 Rf1+ 36. Ke3 Re1+ 37. Kd4 Rf1 38. Ke5 Rf2 39. Rb6 Rc2
40. f5 gxf5 41. exf5 Nc8 42. Rc6 Na7 43. Rc7 Nb5 44. Nxb5 Rxb2 45. a4 Rb4 46.
Nc3 Rg4 47. Ne4 1-0

[Event "XI Weekend A"]
[Site "Porto Sant'Elpidio ITA"]
[Date "2008.11.30"]
[Round "5"]
[White "Perogio, Lorenzo"]
[Black "Iaconi, Andrea"]
[Result "1-0"]
[WhiteElo "1857"]
[BlackElo "1871"]
[PlyCount "65"]
[EventDate "2008.11.22"]

1. e4 e5 2. d4 exd4 3. Qxd4 Nc6 4. Qe3 d6 5. Nc3 Nf6 6. Bd2 Be7 7. O-O-O O-O 8.
Bc4 Be6 9. Bxe6 fxe6 10. f3 Ne5 11. h4 Nc4 12. Qe1 Nxd2 13. Rxd2 e5 14. g4 a6
15. Rf2 b5 16. Nh3 c5 17. Ng5 Qa5 18. Kb1 b4 19. Nd5 Nxd5 20. exd5 Bxg5 21.
hxg5 g6 22. Rfh2 Ra7 23. Qe4 Qd8 24. f4 Re7 25. f5 Qe8 26. b3 a5 27. Rh6 Rg7
28. Kb2 a4 29. bxa4 Qxa4 30. f6 Ra7 31. f7+ Rfxf7 32. Qxg6+ hxg6 33. Rh8+ 1-0

[Event "XI Weekend A"]
[Site "Porto Sant'Elpidio ITA"]
[Date "2008.11.30"]
[Round "5"]
[White "Ragnini, Damiano"]
[Black "Santarelli, Enrico"]
[Result "1-0"]
[WhiteElo "1834"]
[BlackElo "1803"]
[PlyCount "38"]
[EventDate "2008.11.22"]

1. d4 d5 2. c4 c6 3. Nc3 e5 4. cxd5 cxd5 5. Nf3 Nc6 6. Nxe5 Bb4 7. Nxc6 bxc6 8.
e3 Nf6 9. Bd3 Ne4 10. Bxe4 dxe4 11. O-O f5 12. Qa4 Qb6 13. a3 Bd6 14. d5 Bd7
15. dxc6 Bxc6 16. Qd1 Be5 17. Qh5+ g6 18. Qg5 O-O 19. h4 Kg7 1-0

[Event "XI Weekend A"]
[Site "Porto Sant'Elpidio ITA"]
[Date "2008.11.30"]
[Round "5"]
[White "Rinaudo, Andrea"]
[Black "Briffault, Philippe"]
[Result "1/2-1/2"]
[WhiteElo "2118"]
[BlackElo "1933"]
[PlyCount "71"]
[EventDate "2008.11.22"]

1. e4 Nf6 2. e5 Nd5 3. d4 d6 4. Nf3 dxe5 5. Nxe5 c6 6. Be2 Bf5 7. c3 Nd7 8.
Nxd7 Qxd7 9. O-O e6 10. Nd2 Be7 11. Nc4 O-O 12. Bf3 Rac8 13. Ne3 Bg6 14. Nxd5
cxd5 15. Bf4 Bd6 16. Bxd6 Qxd6 17. Qd2 Rc7 18. h4 h6 19. Rfe1 Rfc8 20. h5 Bh7
21. Re5 b5 22. a3 a5 23. Rae1 Rf8 24. g3 b4 25. axb4 axb4 26. R1e3 bxc3 27.
bxc3 Ra7 28. Qe2 Ra3 29. c4 Rxe3 30. Rxe3 dxc4 31. Qxc4 Bf5 32. d5 Rd8 33. dxe6
Bxe6 34. Qh4 Rc8 35. Qa4 Bd7 36. Qh4 1/2-1/2

[Event "XI Weekend A"]
[Site "Porto Sant'Elpidio ITA"]
[Date "2008.11.30"]
[Round "5"]
[White "Sagripanti, Michele"]
[Black "Marozzi, Giovanni"]
[Result "1-0"]
[WhiteElo "1825"]
[BlackElo "2015"]
[PlyCount "61"]
[EventDate "2008.11.22"]

1. e4 c5 2. Nf3 e6 3. d4 cxd4 4. Nxd4 a6 5. c4 Nc6 6. Nc3 Bb4 7. Qd2 Nf6 8. f3
O-O 9. Be2 h6 10. a3 Bxc3 11. Qxc3 d5 12. cxd5 Nxd4 13. Qxd4 exd5 14. e5 Ne8
15. Be3 Nc7 16. Rd1 Be6 17. O-O Qd7 18. Qh4 Bf5 19. f4 Be4 20. Bg4 Qd8 21. Qg3
f5 22. Bh5 Qe7 23. Bf3 Ne6 24. Bxe4 dxe4 25. Rd6 Rfd8 26. Rfd1 Rxd6 27. exd6
Qd7 28. Bb6 Kh7 29. Qe3 g6 30. Qc3 Nxf4 31. Qc7 1-0

[Event "XI Weekend A"]
[Site "Porto Sant'Elpidio ITA"]
[Date "2008.11.30"]
[Round "6"]
[White "Balzano, Aldo"]
[Black "Rinaudo, Andrea"]
[Result "1-0"]
[WhiteElo "1802"]
[BlackElo "2118"]
[PlyCount "95"]
[EventDate "2008.11.22"]

1. d4 Nf6 2. c4 e6 3. Nf3 d5 4. Nc3 Nbd7 5. cxd5 exd5 6. Bg5 c6 7. e3 Bd6 8.
Bd3 O-O 9. O-O h6 10. Bh4 Nb6 11. Ne5 Be7 12. f4 Ne4 13. Bxe7 Qxe7 14. Qf3 Nd2
15. Qg3 Nxf1 16. Rxf1 Re8 17. Rf3 Nc4 18. Bxc4 dxc4 19. f5 Qf6 20. Ne4 Qd8 21.
f6 g5 22. Nxg5 Rxe5 23. dxe5 Qd1+ 24. Rf1 Qg4 25. Qxg4 Bxg4 26. Rf4 Be2 27. Nf3
Bxf3 28. gxf3 b5 29. Rd4 a5 30. f4 c5 31. Rd5 Rc8 32. f5 b4 33. Kf2 a4 34. Ke2
a3 35. bxa3 b3 36. axb3 cxb3 37. Kd2 Rb8 38. Kc1 c4 39. Rc5 b2+ 40. Kb1 Rb3 41.
Rxc4 Rxa3 42. e6 fxe6 43. fxe6 Rxe3 44. Rc8+ Kh7 45. e7 Kg6 46. e8=Q+ Rxe8 47.
Rxe8 Kxf6 48. Rg8 1-0

[Event "XI Weekend A"]
[Site "Porto Sant'Elpidio ITA"]
[Date "2008.11.30"]
[Round "6"]
[White "Briffault, Philippe"]
[Black "Fratini, Mauro"]
[Result "1-0"]
[WhiteElo "1933"]
[BlackElo "1940"]
[PlyCount "57"]
[EventDate "2008.11.22"]

1. d4 Nf6 2. c4 g6 3. g3 Bg7 4. Nc3 d5 5. Bg2 c6 6. cxd5 cxd5 7. Nf3 e6 8. O-O
Nc6 9. h3 O-O 10. Bg5 Bd7 11. Ne5 h6 12. Nxc6 bxc6 13. Bf4 Re8 14. Qd2 Kh7 15.
Bd6 Bc8 16. Be5 Qa5 17. Rfd1 c5 18. dxc5 Qxc5 19. Rac1 Qa5 20. Qd4 Nh5 21. Bxg7
Nxg7 22. e4 Bb7 23. exd5 Nf5 24. Qf6 Kg8 25. d6 Bxg2 26. Kxg2 Qb4 27. Qe5 Qb7+
28. Kg1 Red8 29. Ne4 1-0

[Event "XI Weekend A"]
[Site "Porto Sant'Elpidio ITA"]
[Date "2008.11.30"]
[Round "6"]
[White "Giobbi, Costantino"]
[Black "Luciani, Valerio"]
[Result "0-1"]
[WhiteElo "1982"]
[BlackElo "2212"]
[PlyCount "103"]
[EventDate "2008.11.22"]

1. e4 e6 2. d3 d5 3. Nd2 Nf6 4. Ngf3 c5 5. g3 Nc6 6. Bg2 Be7 7. O-O O-O 8. Re1
b5 9. e5 Nd7 10. Nf1 a5 11. Bf4 b4 12. h4 Ba6 13. N1h2 Qc7 14. Ng4 Rfc8 15. Qd2
Qd8 16. Bh3 a4 17. h5 Nd4 18. Ngh2 b3 19. Nxd4 cxd4 20. cxb3 axb3 21. axb3 Nc5
22. Rxa6 Rxa6 23. Nf3 Nxb3 24. Qe2 Rac6 25. g4 Rc2 26. Qf1 Rxb2 27. g5 g6 28.
hxg6 hxg6 29. Qg2 Rcc2 30. Rf1 Bb4 31. Nh2 Bd2 32. Qf3 Kg7 33. Ng4 Rc1 34. Rxc1
Bxc1 35. Bxc1 Nxc1 36. Nf6 Re2 37. Bf1 Rxe5 38. Qf4 Ne2+ 39. Bxe2 Rxe2 40. Qxd4
e5 41. Qa4 Qc8 42. Qh4 Qc1+ 43. Kg2 Rxf2+ 44. Kxf2 Qd2+ 45. Kg1 Qd1+ 46. Kg2
Qe2+ 47. Kg1 Kf8 48. Qb4+ Kg7 49. Qh4 Qd1+ 50. Kg2 Qd2+ 51. Kg1 Kf8 52. Qb4+
0-1

[Event "XI Weekend A"]
[Site "Porto Sant'Elpidio ITA"]
[Date "2008.11.30"]
[Round "6"]
[White "Mircoli, Filippo"]
[Black "Marozzi, Giovanni"]
[Result "0-1"]
[WhiteElo "1846"]
[BlackElo "2015"]
[PlyCount "80"]
[EventDate "2008.11.22"]

1. e4 d5 2. exd5 Qxd5 3. d4 e5 4. Nf3 exd4 5. Qxd4 Qxd4 6. Nxd4 c6 7. Bc4 Bc5
8. Be3 Nf6 9. Nf5 Bb4+ 10. c3 Bxc3+ 11. Nxc3 Bxf5 12. Bc5 Nbd7 13. Bd6 Bg6 14.
O-O O-O-O 15. Rac1 Nb6 16. Be7 Nxc4 17. Bxd8 Rxd8 18. b3 Nb6 19. Rfe1 Nbd5 20.
a3 Nxc3 21. Rxc3 Nd5 22. Rc5 Kd7 23. h3 Re8 24. Rec1 Re2 25. b4 a6 26. Rd1 Rc2
27. Rxc2 Bxc2 28. Rd2 Bf5 29. Kf1 Be6 30. Ke2 h5 31. Kf3 g6 32. h4 Kc7 33. g3
Kb6 34. Ke4 Kb5 35. Ke5 Ka4 36. Rd3 Nb6 37. Kd6 Nc4+ 38. Kc7 Nxa3 39. Kxb7 Nc2
40. Kxa6 Nxb4+ 0-1

[Event "XI Weekend A"]
[Site "Porto Sant'Elpidio ITA"]
[Date "2008.11.30"]
[Round "6"]
[White "Padovani, Alessio"]
[Black "Binci, Filippo"]
[Result "1-0"]
[WhiteElo "1957"]
[BlackElo "1861"]
[PlyCount "81"]
[EventDate "2008.11.22"]

1. c4 Nf6 2. g3 g6 3. Bg2 Bg7 4. Nc3 O-O 5. Nf3 d6 6. d3 e5 7. Bg5 Nbd7 8. Rc1
c6 9. b4 h6 10. Bd2 Qc7 11. O-O Re8 12. a4 e4 13. dxe4 Nxe4 14. Nxe4 Rxe4 15.
Bf4 Re6 16. c5 Ne5 17. cxd6 Rxd6 18. Qc2 Qe7 19. Nxe5 Bxe5 20. Be3 Re6 21. b5
cxb5 22. Bd5 Rf6 23. axb5 Bh3 24. Rfd1 Kg7 25. f4 Rc8 26. Qd2 Rxc1 27. Rxc1 Bb2
28. Rc2 Rd6 29. Bc5 Bf6 30. e4 Qd7 31. Bxd6 Qxd6 32. e5 Qb6+ 33. Qf2 Qxb5 34.
exf6+ Kh7 35. Ba2 Qd3 36. Re2 Qd1+ 37. Re1 Qd7 38. Bxf7 Qc6 39. Be8 Qxf6 40.
Qe3 Kg8 41. Ba4 1-0

[Event "XI Weekend A"]
[Site "Porto Sant'Elpidio ITA"]
[Date "2008.11.30"]
[Round "6"]
[White "Perogio, Lorenzo"]
[Black "Marconi, Gabriele"]
[Result "1-0"]
[WhiteElo "1857"]
[BlackElo "1832"]
[PlyCount "53"]
[EventDate "2008.11.22"]

1. e4 d6 2. Nc3 Nf6 3. g3 Nc6 4. h3 e5 5. Bg2 Be6 6. Nge2 Qd7 7. d4 exd4 8.
Nxd4 Nxd4 9. Qxd4 c5 10. Qd3 Be7 11. Be3 a6 12. a4 O-O 13. f4 Qc8 14. f5 Bd7
15. O-O Rb8 16. g4 b5 17. g5 Nh5 18. Nd5 Qd8 19. f6 gxf6 20. gxf6 Nxf6 21.
Nxe7+ Qxe7 22. Bg5 c4 23. Qf3 Qxe4 24. Bxf6 Qxf3 25. Rxf3 h6 26. Rg3+ Kh7 27.
Be4+ 1-0

[Event "XI Weekend A"]
[Site "Porto Sant'Elpidio ITA"]
[Date "2008.11.30"]
[Round "6"]
[White "Rinaudo, Sergio"]
[Black "Giri, Giovanni"]
[Result "1-0"]
[WhiteElo "2130"]
[BlackElo "1836"]
[PlyCount "73"]
[EventDate "2008.11.22"]

1. d4 Nf6 2. Nf3 g6 3. Nbd2 Bg7 4. e4 d6 5. Bd3 O-O 6. O-O Nbd7 7. c3 e5 8. Re1
Nh5 9. Nc4 Qe8 10. Qc2 Nb6 11. dxe5 Nxc4 12. Bxc4 dxe5 13. Be3 Be6 14. Qb3 Bxc4
15. Qxc4 Qc6 16. Qxc6 bxc6 17. Rad1 Nf4 18. Rd7 Ne6 19. Ng5 Nxg5 20. Bxg5 f6
21. Be3 Rfb8 22. b3 Rc8 23. Bc5 a5 24. Red1 a4 25. b4 h5 26. Kf1 Rab8 27. Ke2
f5 28. f3 Bf6 29. Be7 Bg7 30. Kd3 Bf8 31. Kc4 Bg7 32. Rd8+ Kh7 33. Rxc8 Rxc8
34. Rd8 Rxd8 35. Bxd8 Kg8 36. Kc5 Bh6 37. Bxc7 1-0

[Event "XI Weekend A"]
[Site "Porto Sant'Elpidio ITA"]
[Date "2008.11.30"]
[Round "6"]
[White "Santarelli, Enrico"]
[Black "Iaconi, Andrea"]
[Result "1-0"]
[WhiteElo "1803"]
[BlackElo "1871"]
[PlyCount "97"]
[EventDate "2008.11.22"]

1. d4 d5 2. c4 e6 3. cxd5 exd5 4. Nc3 Nf6 5. Bg5 Be7 6. Qc2 c6 7. e3 h6 8. Bh4
Nbd7 9. Bd3 O-O 10. Nge2 Re8 11. O-O Nf8 12. Rfe1 Bg4 13. f3 Bd7 14. a3 Rc8 15.
Rac1 Be6 16. Qd2 N8d7 17. Nf4 Nf8 18. Nxe6 Nxe6 19. Na4 Kh8 20. b4 b5 21. Nc5
Nxc5 22. dxc5 Nh5 23. Bf2 Bh4 24. g3 Be7 25. Qc2 Nf6 26. Bf5 Ra8 27. Rcd1 Qc7
28. g4 a5 29. Bg3 Qb7 30. h4 axb4 31. axb4 Ra4 32. Qb2 Rea8 33. Ra1 Qa7 34. Be5
Ne8 35. h5 Bf6 36. Bxf6 Nxf6 37. Rxa4 Qxa4 38. Kf2 Qa7 39. e4 dxe4 40. fxe4 Qc7
41. Kf3 Ra4 42. Rd1 Qa7 43. Rd8+ Ng8 44. Qd4 Ra3+ 45. Kf4 Qc7+ 46. Qd6 Ra7 47.
e5 Qe7 48. Rxg8+ Kxg8 49. Qb8+ 1-0

[Event "XI Weekend A"]
[Site "Porto Sant'Elpidio ITA"]
[Date "2008.11.30"]
[Round "6"]
[White "Spano' Cuomo, Gaetano"]
[Black "Sagripanti, Michele"]
[Result "0-1"]
[WhiteElo "1852"]
[BlackElo "1825"]
[PlyCount "104"]
[EventDate "2008.11.22"]

1. d4 Nf6 2. c4 g6 3. Nc3 d5 4. e3 Bg7 5. f4 O-O 6. Nf3 Nbd7 7. cxd5 Nb6 8. e4
Bg4 9. Be2 Ne8 10. Be3 Nd6 11. b3 f5 12. Ng5 Bxe2 13. Qxe2 Qd7 14. Ne6 Nxe4 15.
Nxe4 fxe4 16. Nxg7 Kxg7 17. O-O Nxd5 18. Bd2 Qe6 19. Rae1 Nf6 20. Rf3 Qd6 21.
Re3 Rad8 22. Kh1 c5 23. d5 Qxd5 24. Bc3 Kg8 25. Bxf6 exf6 26. Rxe4 Qd3 27. h3
Qxe2 28. R1xe2 Rd7 29. b4 Rc8 30. Rc4 Kf7 31. bxc5 b5 32. Rc1 Rd4 33. Rce1 Rc7
34. g3 Rc4 35. Re8 R4xc5 36. Rh8 Rh5 37. Ree8 Rxh3+ 38. Kg2 Rh5 39. g4 Rh4 40.
Kg3 g5 41. fxg5 fxg5 42. Rhf8+ Kg7 43. Rg8+ Kf6 44. Rgf8+ Rf7 45. Rxf7+ Kxf7
46. Ra8 Ke6 47. Rxa7 Kd5 48. a4 b4 49. Ra5+ Kc4 50. Rxg5 Rh1 51. a5 b3 52. Rg7
b2 0-1

[Event "XI Weekend B"]
[Site "Porto Sant'Elpidio ITA"]
[Date "2008.11.22"]
[Round "1"]
[White "Acciaioli, Fabio"]
[Black "Morelli, Basilio"]
[Result "1-0"]
[WhiteElo "1765"]
[BlackElo "1572"]
[PlyCount "98"]
[EventDate "2008.11.22"]

1. e4 c5 2. Nf3 Nc6 3. d4 cxd4 4. Nxd4 e5 5. Nb5 d6 6. N1c3 a6 7. Na3 b5 8. Nd5
Nf6 9. Bg5 Be7 10. Bxf6 Bxf6 11. c3 O-O 12. Nc2 Rb8 13. Be2 a5 14. a3 a4 15.
Bd3 Na5 16. Qe2 Bd7 17. Rd1 Nb3 18. Nce3 Bg5 19. Nf5 Nc1 20. Qf3 Nxd3+ 21. Rxd3
Bxf5 22. Qxf5 g6 23. Qg4 f5 24. exf5 Rxf5 25. O-O Rc8 26. Qb4 Rc5 27. Rfd1 e4
28. Qxe4 Re5 29. Qb4 Qe8 30. Kf1 Bd8 31. Qg4 Rc4 32. Qf3 Rce4 33. Re3 Qe6 34.
Rxe4 Rxe4 35. Qd3 Re5 36. h3 Qf7 37. Qd4 Bh4 38. Nf4 g5 39. Nd3 Rd5 40. Qe3
Bxf2 41. Nxf2 Rxd1+ 42. Ke2 Ra1 43. Qxg5+ Qg6 44. Qd8+ Kg7 45. Qe7+ Qf7 46.
Qxf7+ Kxf7 47. Nd3 Rg1 48. Ne1 Rxe1+ 49. Kxe1 Kf6 1-0

[Event "XI Weekend B"]
[Site "Porto Sant'Elpidio ITA"]
[Date "2008.11.22"]
[Round "1"]
[White "Capito', Mario"]
[Black "Ciarloni, Giuseppe"]
[Result "0-1"]
[WhiteElo "1701"]
[BlackElo "1488"]
[PlyCount "32"]
[EventDate "2008.11.22"]

1. e4 e5 2. Nf3 Nc6 3. Bb5 Bc5 4. O-O d6 5. c3 a6 6. d4 axb5 7. dxc5 dxc5 8.
Qxd8+ Kxd8 9. Rd1+ Ke7 10. Rd5 b6 11. Nxe5 Nxe5 12. Rxe5+ Be6 13. b3 f6 14. Rh5
g6 15. Rh4 g5 16. Rh5 Bg4 0-1

[Event "XI Weekend B"]
[Site "Porto Sant'Elpidio ITA"]
[Date "2008.11.22"]
[Round "1"]
[White "Giampieri, Stefano"]
[Black "Marinucci, Johnny"]
[Result "1-0"]
[WhiteElo "1557"]
[BlackElo "1746"]
[PlyCount "101"]
[EventDate "2008.11.22"]

1. e4 Nf6 2. Nc3 d5 3. e5 d4 4. exf6 dxc3 5. dxc3 Qxd1+ 6. Kxd1 exf6 7. Bd3 Bc5
8. f3 O-O 9. Bf4 c6 10. Kd2 Be6 11. Ne2 Nd7 12. Nd4 Rfe8 13. Rhe1 Nf8 14. Rad1
Bd7 15. Rxe8 Rxe8 16. Re1 Rxe1 17. Kxe1 Ne6 18. Nxe6 fxe6 19. b4 Bb6 20. c4 e5
21. Bg3 Be6 22. a4 Bd4 23. Kd2 c5 24. c3 Bg1 25. Ke2 cxb4 26. cxb4 Bd4 27. Bf2
Bxf2 28. Kxf2 g5 29. c5 h6 30. b5 Kf8 31. b6 axb6 32. cxb6 Bd5 33. Kg3 Ke7 34.
Kg4 Kd6 35. Kf5 Kc5 36. a5 h5 37. h3 g4 38. hxg4 hxg4 39. Kxg4 Be6+ 40. Kh5 f5
41. Kg5 e4 42. fxe4 fxe4 43. Bxe4 Kb5 44. Bxb7 Kxa5 45. Kf6 Bd7 46. Bd5 Kxb6
47. Be6 Bc6 48. g4 Bf3 49. g5 Be4 50. Bf5 Bd5 51. g6 1-0

[Event "XI Weekend B"]
[Site "Porto Sant'Elpidio ITA"]
[Date "2008.11.22"]
[Round "1"]
[White "Miandro, Steven"]
[Black "Balzano, Filli"]
[Result "1/2-1/2"]
[WhiteElo "1605"]
[BlackElo "1777"]
[PlyCount "76"]
[EventDate "2008.11.22"]

1. d4 c6 2. c4 d5 3. Nf3 Nf6 4. cxd5 cxd5 5. Nc3 Nc6 6. Bf4 Bf5 7. e3 e6 8. Bd3
Bxd3 9. Qxd3 Qb6 10. Qc2 Qa6 11. Rd1 Nb4 12. Qb1 Rc8 13. a3 Nc6 14. Qd3 Qxd3
15. Rxd3 Na5 16. Nd2 Nc4 17. Nxc4 Rxc4 18. O-O Be7 19. Rc1 O-O 20. Ne2 Rxc1+
21. Nxc1 Rc8 22. Rd1 Rc2 23. Nd3 Ne4 24. h3 Rd2 25. Rxd2 Nxd2 26. f3 Nc4 27. e4
dxe4 28. fxe4 Bf6 29. e5 Bd8 30. Kf2 Bb6 31. Be3 Kf8 32. Kf3 Ke7 33. Ke4 Kd7
34. Bc1 f5+ 35. exf6 Nd6+ 36. Ke5 Nc4+ 37. Ke4 Nd6+ 38. Ke5 Nc4+ 1/2-1/2

[Event "XI Weekend B"]
[Site "Porto Sant'Elpidio ITA"]
[Date "2008.11.22"]
[Round "1"]
[White "Ripa', Daniele"]
[Black "Cutrona, Giuseppe"]
[Result "0-1"]
[WhiteElo "1731"]
[BlackElo "1533"]
[PlyCount "70"]
[EventDate "2008.11.22"]

1. e4 e5 2. Nf3 Nc6 3. Bb5 a6 4. Ba4 Nf6 5. O-O b5 6. Bb3 Bc5 7. c3 d6 8. d4
exd4 9. cxd4 Bb6 10. h3 O-O 11. a4 b4 12. Re1 Re8 13. Qd3 Na5 14. Bc2 b3 15.
Bxb3 Nxb3 16. Qxb3 Rxe4 17. Rxe4 Nxe4 18. Qd5 Rb8 19. Qxe4 Bb7 20. d5 Qf6 21.
Nc3 h6 22. Be3 Ba5 23. Bd4 Qd8 24. Qg4 Qf8 25. Ne4 f5 26. Qg6 fxe4 27. Qe6+ Qf7
28. Qxe4 Bxd5 29. Qd3 Rb3 30. Qxa6 Rxf3 31. Qxa5 Rf5 32. Qc3 c5 33. Be3 Qg6 34.
g3 Rh5 35. Kh2 Qg4 0-1

[Event "XI Weekend B"]
[Site "Porto Sant'Elpidio ITA"]
[Date "2008.11.22"]
[Round "1"]
[White "Scibe', Michele"]
[Black "Gasparroni, Riccardo"]
[Result "1/2-1/2"]
[WhiteElo "1485"]
[BlackElo "1663"]
[PlyCount "60"]
[EventDate "2008.11.22"]

1. e4 c5 2. Nf3 Nc6 3. d4 cxd4 4. Nxd4 g6 5. Be3 Bg7 6. Be2 Nf6 7. Nc3 O-O 8.
O-O d6 9. Qd2 Ng4 10. Nxc6 bxc6 11. Bg5 Re8 12. Rad1 Rb8 13. h3 Nf6 14. e5 Nd5
15. Nxd5 cxd5 16. exd6 Qxd6 17. b3 Bb7 18. Bf3 e6 19. Rfe1 Rbc8 20. c4 f6 21.
Bh6 Bxh6 22. Qxh6 Rcd8 23. Qd2 Rf8 24. cxd5 exd5 25. Qd4 a6 26. Re2 Rf7 27.
Red2 Rfd7 28. Rd3 Qe5 29. Re3 Qxd4 30. Rxd4 Rc7 1/2-1/2

[Event "XI Weekend B"]
[Site "Porto Sant'Elpidio ITA"]
[Date "2008.11.22"]
[Round "1"]
[White "Silvestri, Giorgio"]
[Black "Binci, Luca"]
[Result "1-0"]
[WhiteElo "1784"]
[BlackElo "1645"]
[PlyCount "120"]
[EventDate "2008.11.22"]

1. d4 Nf6 2. c4 g6 3. Nc3 Bg7 4. e4 d6 5. f3 O-O 6. Be3 Nc6 7. Qd2 a6 8. O-O-O
Rb8 9. h3 e5 10. d5 Nd4 11. Nge2 Nxe2+ 12. Bxe2 Bd7 13. g4 b5 14. c5 b4 15. Nb1
Bb5 16. h4 h5 17. c6 Ba4 18. b3 Bb5 19. Bxb5 Rxb5 20. Qg2 a5 21. Nd2 a4 22. Nc4
axb3 23. axb3 Kh7 24. Kc2 Rb8 25. Ra1 Ra8 26. Bg5 Qb8 27. Bxf6 Bxf6 28. gxh5
gxh5 29. Qh3 Kh6 30. Qf5 Be7 31. Qd7 Rxa1 32. Rxa1 Bxh4 33. Rh1 Qd8 34. Qh3 Qf6
35. Ne3 Qf4 36. Nf5+ Kh7 37. Qxh4 Qxf3 38. Qxh5+ Qxh5 39. Rxh5+ Kg6 40. Rh4 Ra8
41. Kd3 Kg5 42. Rh7 Kg6 43. Rg7+ Kf6 44. Kc4 Ra2 45. Rg4 Rf2 46. Rh4 Rf4 47.
Kxb4 Rxe4+ 48. Rxe4 Kxf5 49. Re1 Kg5 50. Kc3 f5 51. Kd3 Kf6 52. b4 f4 53. Ke4
Ke7 54. Rh1 Kd8 55. b5 Ke7 56. Rh7+ Kd8 57. b6 cxb6 58. Rb7 Kc8 59. Rxb6 Kc7
60. Rb7+ Kc8 1-0

[Event "XI Weekend B"]
[Site "Porto Sant'Elpidio ITA"]
[Date "2008.11.23"]
[Round "2"]
[White "Balzano, Filli"]
[Black "Gasparroni, Riccardo"]
[Result "0-1"]
[WhiteElo "1777"]
[BlackElo "1663"]
[PlyCount "55"]
[EventDate "2008.11.22"]

1. e4 c5 2. Nf3 Nc6 3. d4 cxd4 4. Nxd4 g6 5. Be3 Bg7 6. Be2 Nf6 7. Nc3 O-O 8.
O-O d6 9. f4 a6 10. a4 Qc7 11. Bf3 Na5 12. Be2 Nc4 13. Bxc4 Qxc4 14. Qd3 Qxd3
15. cxd3 Ng4 16. Nc2 Nxe3 17. Nxe3 Bd4 18. Rfe1 Be6 19. Kh1 Bxe3 20. Rxe3 Rac8
21. Rc1 Rc7 22. d4 Bb3 23. a5 Rfc8 24. Ree1 Rc4 25. Ne2 Rc2 26. Rb1 Rd2 27.
Rec1 Rxc1+ 28. Nxc1 0-1

[Event "XI Weekend B"]
[Site "Porto Sant'Elpidio ITA"]
[Date "2008.11.23"]
[Round "2"]
[White "Binci, Luca"]
[Black "Ripa', Daniele"]
[Result "1-0"]
[WhiteElo "1645"]
[BlackElo "1731"]
[PlyCount "80"]
[EventDate "2008.11.22"]

1. d4 Nf6 2. c4 g6 3. Nc3 Bg7 4. e4 d6 5. f3 b6 6. Be3 Nbd7 7. Qd2 Bb7 8. Bd3
c5 9. d5 Ne5 10. h3 a6 11. Nge2 Qc7 12. O-O O-O 13. Rab1 e6 14. dxe6 fxe6 15.
Nf4 Rae8 16. b4 Nfd7 17. b5 a5 18. Be2 Nf7 19. Rfd1 Bd4 20. Bf2 Nf6 21. Bf1 e5
22. Nfe2 Qe7 23. Na4 Bxf2+ 24. Kxf2 Nxe4+ 25. fxe4 Ng5+ 26. Ke3 Nxe4 27. Qe1
Qg5+ 28. Kd3 Nf2+ 29. Kc2 Be4+ 30. Kb3 Bxb1 31. Rxb1 Nd3 32. Qc3 e4 33. Nxb6
Rf2 34. Nd5 Ref8 35. b6 Rxf1 36. Rxf1 Rxf1 37. Ka4 Rf8 38. Qxa5 Nb2+ 39. Kb5
Qxg2 40. Nef4 Qc2 1-0

[Event "XI Weekend B"]
[Site "Porto Sant'Elpidio ITA"]
[Date "2008.11.23"]
[Round "2"]
[White "Ciarloni, Giuseppe"]
[Black "Giampieri, Stefano"]
[Result "0-1"]
[WhiteElo "1488"]
[BlackElo "1557"]
[PlyCount "34"]
[EventDate "2008.11.22"]

1. e4 e5 2. Nf3 Nc6 3. Bc4 Bc5 4. Nc3 Nf6 5. h3 d6 6. Ng5 O-O 7. d3 h6 8. Bxf7+
Rxf7 9. Nxf7 Kxf7 10. g4 g5 11. Ne2 Bxg4 12. hxg4 Nxg4 13. Be3 Bxe3 14. fxe3
Qf6 15. Rf1 Qxf1+ 16. Kd2 Qxd1+ 17. Rxd1 Kg7 0-1

[Event "XI Weekend B"]
[Site "Porto Sant'Elpidio ITA"]
[Date "2008.11.23"]
[Round "2"]
[White "Cutrona, Giuseppe"]
[Black "Silvestri, Giorgio"]
[Result "1-0"]
[WhiteElo "1533"]
[BlackElo "1784"]
[PlyCount "49"]
[EventDate "2008.11.22"]

1. e4 e5 2. Nf3 Nc6 3. Bb5 d6 4. O-O Nf6 5. Re1 Bd7 6. Nc3 Be7 7. d4 exd4 8.
Nxd4 O-O 9. Bc4 Ne5 10. Bd3 c6 11. Be3 Nfg4 12. f4 Nxe3 13. Rxe3 Ng4 14. Rg3
Qb6 15. Be2 Nf6 16. Kh1 d5 17. e5 Ne4 18. Nxe4 dxe4 19. Bg4 Be8 20. Nf5 Qc7 21.
Nxg7 Kh8 22. Bf5 Bd7 23. Qh5 Bxf5 24. Nxf5 f6 25. Rg7 1-0

[Event "XI Weekend B"]
[Site "Porto Sant'Elpidio ITA"]
[Date "2008.11.23"]
[Round "2"]
[White "Donati, Michele"]
[Black "Acciaioli, Fabio"]
[Result "0-1"]
[WhiteElo "1509"]
[BlackElo "1765"]
[PlyCount "112"]
[EventDate "2008.11.22"]

1. c4 Nf6 2. Nc3 g6 3. g3 Bg7 4. Bg2 c6 5. e4 d6 6. d4 Nbd7 7. Nge2 e5 8. d5 c5
9. O-O O-O 10. f4 exf4 11. Bxf4 Nh5 12. Bxd6 Re8 13. b4 cxb4 14. Bxb4 Qb6+ 15.
Kh1 Qxb4 16. Qb3 Qxb3 17. axb3 a6 18. b4 Ne5 19. c5 Nd3 20. Rab1 Bd7 21. Kg1
Rac8 22. Rfd1 Ne5 23. d6 Nf6 24. Nf4 Bf8 25. Nfd5 Kg7 26. Nxf6 Kxf6 27. Nd5+
Kg7 28. Nb6 Rb8 29. Nxd7 Nxd7 30. Bh3 Rbd8 31. Re1 Re5 32. Rec1 Nf6 33. b5 Nxe4
34. bxa6 bxa6 35. c6 Nxd6 36. c7 Ra8 37. Rb8 Re8 38. Rxa8 Rxa8 39. c8=Q Nxc8
40. Rxc8 Rxc8 41. Bxc8 a5 42. Ba6 a4 43. Bc4 a3 44. Ba2 f5 45. Kf2 Kf6 46. Kf3
g5 47. h3 Bd6 48. Bb3 Ke5 49. Ke3 Bc5+ 50. Kd3 Bf2 51. g4 f4 52. Ke2 Bc5 53.
Kd3 h6 54. Ke2 Kd4 55. Kd2 f3 56. Ke1 Ke3 0-1